The chemistry and action of insecticides
Gorde:
| Egile nagusia: | |
|---|---|
| Formatua: | Liburua |
| Hizkuntza: | ingelesa |
| Argitaratua: |
Nueva York
McGraw-Hill
1951
|
| Gaiak: | |
| Etiketak: |
Etiketa erantsi
Etiketarik gabe, Izan zaitez lehena erregistro honi etiketa jartzen!
|
MARC
| LEADER | 00000nam a2200000 a 4500 | ||
|---|---|---|---|
| 001 | UCT2099 | ||
| 003 | CL-VaPUC | ||
| 008 | 961004e19510000US |||||||||||||||||eng|d | ||
| 082 | 0 | 4 | |a 668.651 |b SHE |2 21 |
| 100 | 0 | |a Shepard, Harold H |e author |9 371168 | |
| 245 | 1 | 4 | |a The chemistry and action of insecticides |
| 300 | |a 504 p | ||
| 942 | |c BK | ||
| 945 | |d 19961004 00:00:00 |a paguirre | ||
| 260 | |a Nueva York |b McGraw-Hill |c 1951 | ||
| 650 | 0 | |a Química |9 259896 | |
| 650 | 0 | |a Tecnología química |9 263002 | |
| 650 | 7 | |a INSECTICIDAS |2 CL-VaPUC |9 262975 | |
| 650 | 7 | |a HIDROCARBUROS CLORADOS |2 CL-VaPUC |9 371169 | |
| 650 | 0 | |a Insectos |9 264174 | |
| 650 | 7 | |a PIRETRO |2 CL-VaPUC |9 371170 | |
| 583 | |a last modification |c 19961004 00:00:00 |k Rodrigo Vera | ||
| 999 | |c 252363 |d 252361 | ||
| 952 | |0 0 |1 0 |4 0 |6 668_651000000000000_SHE_1951 |7 0 |8 A |9 272174 |a BIBCUR |b BIBCUR |d 2019-11-19 |i 1759000 |o 668.651 SHE 1951 |p 1759000 |r 2025-04-22 |w 2019-11-19 |y BK |k BCB | ||